000 00398 a2200157 4500
999 _c321300
_d321300
001 86227
003 NUST
005 20180122100147.0
008 180122b xxu||||| |||| 00| 0 eng d
020 _a9789693512052
082 _a891.4392 ASH
100 _aAshfaq Ahmed
_9651
245 _aJANG BAJANG (جنگ بجنگ)
_cAshfaq Ahmed
250 _a1st
260 _aLahore
_bSang e Meel
_c2006
300 _a302p.
500 _aGeneral Collection
942 _aCAE NUST
_cBK
_k891.4392 ASH
_2ddc